| 000 | 01292cam a2200373 4500 | ||
|---|---|---|---|
| 999 |
_c23400 _d23400 |
||
| 001 | vtls012131780 | ||
| 005 | 20221006125007.0 | ||
| 008 | 220421s2022 xo dr 010 f slo | ||
| 020 |
_a9788055655482 _q(viazané) |
||
| 040 |
_aSNK _bslo _cSNK _erda |
||
| 041 | 1 |
_aslo _heng |
|
| 044 |
_axo _cSK |
||
| 072 | 7 |
_a821.111(73)-3 _xAmerická próza _2konspekt |
|
| 072 | 7 |
_a821-93 _xLiteratúra pre deti a mládež (beletria) _2konspekt |
|
| 080 |
_a821.111(73)-31 _22011 |
||
| 080 |
_a(0:82-312.9) _22011 |
||
| 100 | 1 |
_aBlack, Holly, _d1971- _4aut _91807 |
|
| 240 | 1 | 4 |
_aThe Wicked King _lSlovensky |
| 245 | 1 | 0 |
_aSkazený kráľ _cHolly Black ; z anglického originálu The Wicked King ... preložila Kristína Balalová |
| 264 | 1 |
_aBratislava _bSlovart _c2022 |
|
| 300 |
_a343 strán _c21 cm |
||
| 336 |
_atext _btxt _2rdacontent |
||
| 337 |
_abez média _bn _2rdamedia |
||
| 338 |
_azväzok _bnc _2rdacarrier |
||
| 655 | 7 |
_aamerické romány _2SNKPH _92 |
|
| 655 | 7 |
_afantazijné romány _2SNKPH _92291 |
|
| 655 | 7 |
_aliteratúra pre mládež _2SNKPH _93623 |
|
| 655 | 7 |
_aAmerican fiction _2SNKPHeng _93 |
|
| 655 | 7 |
_aFantasy novels _2SNKPHeng _92292 |
|
| 700 | 1 |
_aBalalová, Kristína _4trl _93624 |
|
| 700 | 1 |
_aKantorová-Báliková, Jana, _d1951- _4trl _92662 |
|
| 958 | _aLX | ||
| 958 | _aUP | ||